000
00223nam a2200097Ia 4500
008
200302s9999 xx 000 0 und d
100
_a
Author
245
_a
Hospital Architecture + Design
260
_b
Daewoo E&C
300
_a
140
999
_c
4448
_d
4448